Čo všetko túži po Viktorovi

Bibliographic Details
Main Author: Milčák, Peter, 1966- (Author)
Format: Article
Language:Slovak
Subjects:

MARC

LEADER 00000nab a2200000 a 4500
001 vtls000382429
003 SK-MaSNL
005 20260304080216.0
008 250424c1990 xo 0 slo
015 |a SNBRB19rr/mm-uuuuu 
035 |a CL0382551 
035 |a urn:nbn:sk:snk-abbkhe 
035 |a (urnnbn)urn:nbn:sk:snk:ar-002lv3 
035 |a (uuid)d5d727e2-da82-4c28-b6d0-64cf9372e558 
040 |a SNKBUCL  |b slo  |c SNKBUCL  |e AACR2 
041 0 |a slo 
044 |a xo  |c SK 
080 |a 885.4-3  |2 1981 
100 1 |a Milčák, Peter,  |d 1966-  |4 aut  |9 101633 
245 1 0 |a Čo všetko túži po Viktorovi  |c Peter Milčák 
650 0 7 |a miniatúry  |2 snkbucl  |9 29985 
655 7 |a články z novín a časopisov  |2 snkbucl  |9 267496 
773 0 |t Dotyky  |g Roč. 2, č. 5 (1990), s. 12 
850 |a Slovenská národná knižnica 
852 |a Slovenská národná knižnica 
958 |a article15 
958 |a OND 
958 |a RK 
958 |a LX 
958 |a EUIPO 
992 |a RBX 
999 |c 2785331  |d 2787261